• 首页
  • 本馆介绍
  • 公告通知
  • 最新文献
  • 馆藏检索
  • 电子资源
  • 读者导购
  • 参考咨询
  • 我的图书馆
  • 登录
  • 详细信息显示
  • 放入我的书架
  • 预约/预借图书
  • 作者相关作品
  • 分类相关作品
  • 丛书相关作品
  • 出版社相关作品

书目信息

  • 表格格式
  • 工作单格式
  • 卡片格式
题名:
最优化方法
    
 
作者: 解可新 编
分册:  
出版信息: 天津   天津大学出版社  1997
页数: 321页
开本: 20cm
丛书名:
单 册:
中图分类: O224
科图分类:
主题词: 最优化算法
电子资源:
ISBN: 7-5618-0940-9
000 00574nam0 2200217 45
001 0197025869
005 20051115152826.20
010    @a7-5618-0940-9@dCNY10.80
092    @aCN
100    @a19970827d1997 em y0chiy0121 ea
101 0  @achi
102    @aCN@b120000
105    @ay zq 000yy
200 10 @a最优化方法@Azui you hua fang fa@f解可新等编@Fjie ke xin deng bian
210    @a天津@c天津大学出版社@d1997
215    @a321页@d20cm
606    @a最优化算法
690    @aO224@v3
701  0 @a解可新@Axie ke xin@4编
801  0 @aCN@bTSSF@c20051115
905    @a10447@dO224@e103
    
    最优化方法/解可新等编.-天津:天津大学出版社,1997
    321页;20cm
    
    
    ISBN 7-5618-0940-9:CNY10.80
    
●
相关链接 在E读中查询图书 在五车中查询图书 在当当中查询图书 在豆瓣中查询图书


正题名:最优化方法     索取号:O224/103         预约/预借

序号 登录号 条形码 馆藏地/架位号 状态 备注
1 0367831   203678314   第二样本阅览室/ [索取号:O224/103] 在馆    
2 0367832   203678323   第三借阅区/ [索取号:O224/103] 在馆    
3 0367833   203678332   第三借阅区/ [索取号:O224/103] 在馆    
唐山师范学院图书馆 欢迎您!
大连网信软件有限公司© 版权所有